1672 1448 1147 1930 1402 1893 1885 1546 1541 1629 1059 1325 1885 1699 1000 1920 1404 1105 1769 1320 1193 1068 1422 1075 1400 1498 1889 1817 1682 1164 1199 1356 1452 1154 1497 1391 1687 1769 1073 1071 1549 1934 1393 1210 1266 1758 1459 1068 1575 1132 1697 1762 1984 1492 1376 1531 1133 1363 1214 1601 1949 1947 1471 1319 1238 1117 1976 1318 1411 1016 1374 1713 1011 1034 1649 1706 1994 1004 1667 1511 1776 1841 1508 1711 1970 1707 1275 1853 1495 1511 1522 1740 1869 1981 1067 1441 1119 1595 1440 BCNSPRNW ULIB Ver.6.0+V

เปลี่ยนเป็นภาษาไทย

Change to English
 แสดงรายละเอียดบรรณานุกรม
  กลับหน้าหลัก

Brief Record : Get Marc (ISO 2709) : E-mail record : QR code < ปิดหน้าต่าง
LEADER : 00000nam 2200000uu 4500
001    13399115103
003     ULIB
008    120709s2550||||th 000 0 tha d
020    ^a9789747492736(ล.2)
050 04 ^aAC159^bภ375ค ล.2 2550
100 0  ^aภัทราพร สังข์พวงทอง
245 10 ^aความรู้นอกกะลา 2 (ฉบับนี้มีกลิ่น) /^cภัทราพร สังข์พวงทอง
250    ^aพิมพ์ครั้งที่ 1
260    ^aกรุงเทพฯ :^bพิมพ์บูรพา,^c2550
300    ^a[119] หน้า :^bภาพประกอบ
650  7 ^aความรู้ทั่วไป
650  7 ^aกลิ่น
650  7 ^aรองเท้า
650  7 ^aขยะ
945    ^p0^l0^i14912
995    ^aกัณชพร
999    ^aใช้งานได้ทุกระบบ
รายการนี้ยังไม่มีแท็ก
คุณยังไม่ได้ล็อกอิน คุณสามารถมีกิจกรรมร่วมกับเว็บไซต์ได้ แต่ต้องล็อกอินก่อน ::
  ล็อกอิน

รายการสื่อสารสนเทศ

ลำดับที่ ประเภท เลขเรียก/บาร์โค้ด สถานที่ สถานะ
- ไม่พบข้อมูล -

รายการใกล้เคียง
    ผู้แต่ง [ภัทราพร สังข์พวงทอง]

    หัวเรื่อง [ความรู้ทั่วไป]
    หัวเรื่อง [กลิ่น]
    หัวเรื่อง [รองเท้า]
    หัวเรื่อง [ขยะ]

BibComment


ยังไม่เคยถูกคอมเมนท์

คอมเมนท์ทรัพยากรรายการนี้
  คอมเมนท์: ความรู้นอกกะลา 2..


 Copyright 2026. Bcnsprnw @Library